| 000 | 00608nam a2200181Ia 4500 | ||
|---|---|---|---|
| 003 | GCL | ||
| 008 | 140319s9999 xx 000 0 eng d | ||
| 040 |
_aGCL / _cGCL |
||
| 082 | 0 | 4 |
_aCC _b910.16226 _bB T |
| 100 | 1 | _aBOUSQUET, BERNARD | |
| 245 | 1 | 0 |
_aTELL - DOUCHE ET SA REGION : _bGEOGRAPHIE D'UNE LIMITE DE MILIEU A'UNE FRONTIER D'EMPIRE / _cBOUSQUET, BERNARD |
| 260 |
_aالقاهرة : _bINSTITUT FRANCAIS D'ARCHEOLOGIE ORIENTAL ، _c1996 |
||
| 300 |
_a368: _bILL, ؛ _c30 cm. |
||
| 650 | 0 | 4 | _aGEOLOGY - EGYPT |
| 650 | 0 | 4 | _aGEOLOGICAL SURVEYS - EGYPT |
| 650 | 0 | 4 | _aGROUNDWATER - EGYPT |
| 942 |
_2ddc _cBK |
||
| 999 |
_c15562 _d15562 |
||